Corporate Governance/ (Record no. 208467)

MARC details
000 -LEADER
fixed length control field 00591nam a22001937a 4500
005 - DATE AND TIME OF LATEST TRANSACTION
control field 20250114123719.0
010 ## - LCCN (DPL NO)
LC control number ENG-143387
020 ## - INTERNATIONAL STANDARD BOOK NUMBER
Terms of availability 1895.00
International Standard Book Number 9789391211721
035 ## - SYSTEM CONTROL NUMBER
System control number EN-126919
037 ## - SOURCE OF ACQUISITION
Source of stock number/acquisition DBAD
082 ## - DEWEY DECIMAL CLASSIFICATION NUMBER
Classification number 338.00954
100 ## - MAIN ENTRY--PERSONAL NAME
Personal name Vinod Kothari & Company
245 00 - TITLE STATEMENT
Title Corporate Governance/
Statement of responsibility, etc by Vinod Kothari & Company
250 ## - EDITION STATEMENT
Edition statement 1
260 ## - PUBLICATION, DISTRIBUTION, ETC. (IMPRINT)
Place of publication, distribution, etc Gurgaon
Name of publisher, distributor, etc Lexis Nexis
Date of publication, distribution, etc 2024
270 ## - ADDRESS
Address 14th Floor, Bldg. No.10, Tower-B, DLF Cyber City, Phase-II
City Gurgaon
Postal code 122002
300 ## - PHYSICAL DESCRIPTION
Extent lxiv,929p.
Dimensions 24cm(Hb)
942 ## - ADDED ENTRY ELEMENTS (KOHA)
Source of classification or shelving scheme Dewey Decimal Classification
Item type English Books
Call number suffix KOT
Classification part 338.00954
Holdings
Withdrawn status Lost status Not for loan Collection code Home library Current library Date acquired Source of acquisition Cost, normal purchase price Full call number Barcode Copy number Cost, replacement price Koha item type
      Reference Central Library Central Library 14/01/2025 Delivery of Books Act Division 1895.00 KOT 338.00954 EN-126919 1 1895.00 English Books

© Delhi Public Library
Hit Counter
free hit counter